000 00419nam a2200133Ia 4500
003 GCL
008 140319s9999 xx 000 0 ara d
040 _aGCL /
_cGCL
082 0 4 _a621.38
_bف ر
245 1 0 _aالراديو:هندسة و صيانة و اصلاح الاعطال
260 _a[S.N] :
_bدار الراتب الجامعية
300 _a240 ص
490 _aموسوعة عالم الالكترونيات
_v0
999 _c53385
_d53385